| 000 | 01515cam a2200385Ia 4500 | ||
|---|---|---|---|
| 001 | 7193266 | ||
| 003 | OSt | ||
| 005 | 20150408113914.0 | ||
| 008 | 090503s2009 gw a b 101 0deng d | ||
| 020 | _a9783642006586 | ||
| 020 | _a3642006582 | ||
| 035 | _a(OCoLC)ocn310400680 | ||
| 035 | _a(OCoLC)320035039 | ||
| 035 | _a(OCoLC)310400680 | ||
| 035 | _a(NNC)7193266 | ||
| 040 |
_aBTCTA _cBTCTA _dOHX _dYDXCP _dTXH |
||
| 082 |
_221 _a003.54 _bF O T |
||
| 090 |
_aQ387.5 _b.F67 2009 |
||
| 245 | 0 | 0 |
_aFormal theories of information : _bfrom Shannon to semantic information theory and general concepts of information / _cGiovanni Sommaruga, (ed.). |
| 260 |
_aBerlin ; _aNew York : _bSpringer, _cc2009. |
||
| 300 |
_avi, 267 p. : _bill. ; _c24 cm. |
||
| 490 | 1 |
_aLecture notes in computer science ; _v5363 |
|
| 490 | 1 | _aState-of-the-art survey | |
| 504 | _aIncludes bibliographical references and index. | ||
| 650 | 0 |
_aSemantic networks (Information theory) _vCongresses. _93460 |
|
| 650 | 0 |
_aInformation theory _vCongresses. _93461 |
|
| 650 | 0 |
_aUncertainty (Information theory) _vCongresses. _93462 |
|
| 700 | 1 |
_aSommaruga, Giovanni. _93463 |
|
| 830 | 0 |
_aLecture notes in computer science. _pState-of-the-art survey. _93456 |
|
| 830 | 0 |
_aLecture notes in computer science ; _v5363. _93464 |
|
| 856 | 4 | 0 |
_uhttp://springerlink.metapress.com/openurl.asp?genre=issue&issn=0302-9743&volume=5363 _zRestricted to SpringerLink subscribers. |
| 942 |
_2ddc _cDVD |
||
| 948 | 1 |
_a20090730 _bc _coc2016 _dMPS |
|
| 999 |
_c13879 _d248379 |
||